भारत के देशी राज्य / (Record no. 37734)

MARC details
000 -LEADER
fixed length control field 01226nam a22002297a 4500
005 - DATE AND TIME OF LATEST TRANSACTION
control field 20100726141654.0
010 ## - LCCN (DPL NO)
LC control number HIN-89829
020 ## - INTERNATIONAL STANDARD BOOK NUMBER
International Standard Book Number 8181820479
Terms of availability 995.00
020 ## - INTERNATIONAL STANDARD BOOK NUMBER
International Standard Book Number 9788181820479
Terms of availability 995.00
035 ## - SYSTEM CONTROL NUMBER
System control number HN-62175
037 ## - SOURCE OF ACQUISITION
Source of stock number/acquisition DBAD/PUB
082 ## - DEWEY DECIMAL CLASSIFICATION NUMBER
Classification number 954
100 ## - MAIN ENTRY--PERSONAL NAME
Personal name भण्डारी, सुखसम्पत्तिराय
245 ## - TITLE STATEMENT
Title भारत के देशी राज्य /
Statement of responsibility, etc सुखसम्पत्तिराय भण्डारी
246 ## - VARYING FORM OF TITLE
Title proper/short title Bharat ke deshi rajya
Remainder of title by Sukhsampattiray Bhandari
260 ## - PUBLICATION, DISTRIBUTION, ETC. (IMPRINT)
Place of publication, distribution, etc जयपुर
Name of publisher, distributor, etc लिट्रेरी सर्किल
Date of publication, distribution, etc 2009
270 ## - ADDRESS
Address सी-12-13, प्रथम तल, खण्डेलवाल गर्ल्स कॉलेज के सामने, संसार चन्द्र रोड
City जयपुर
Postal code 302001
Electronic mail address literarycirclejpr@yahoo.com
300 ## - PHYSICAL DESCRIPTION
Extent 500पृ.
Other physical details सचित्र
Dimensions 22सेमी (सजिल्द)
650 ## - SUBJECT ADDED ENTRY--TOPICAL TERM
Topical term or geographic name as entry element भारत
General subdivision इतिहास
942 ## - ADDED ENTRY ELEMENTS (KOHA)
Source of classification or shelving scheme Dewey Decimal Classification
Item type Hindi Books
Classification part 954
Call number suffix भण्डारी
Holdings
Withdrawn status Lost status Not for loan Collection code Home library Current library Date acquired Source of acquisition Cost, normal purchase price Full call number Barcode Copy number Cost, replacement price Koha item type
    Not For Loan Non-fiction D.B.Act.Division D.B.Act.Division 26/07/2010 DBAD / PUB 995.00 954 भण्डारी HN-62175 1 995.00 Hindi Books

© Delhi Public Library
Hit Counter
free hit counter